[Event "Niedersachsen-ch op B"]
[Site "Verden"]
[Date "2018.01.04"]
[Round "2"]
[White "Reimer, Philip"]
[Black "Torkler, Wolfgang"]
[Result "1-0"]
[WhiteElo "1580"]
[BlackElo "1488"]
[PlyCount "97"]
[EventDate "2018.01.04"]
[EventType "swiss"]
[EventRounds "7"]
[EventCountry "GER"]
[SourceTitle "EXT 2022"]
[Source "ChessBase"]
[SourceDate "2021.10.06"]
[SourceVersion "1"]
[SourceVersionDate "2021.10.06"]
[SourceQuality "1"]

1. e4 c5 2. Nf3 Nc6 3. d4 cxd4 4. Nxd4 g6 5. Nc3 Bg7 6. Be3 Nf6 7. f3 0-0 8. Qd2 d6 9. 0-0-0 Nxd4 10. Bxd4 Qa5 11. Kb1 a6 12. Nd5 Qxd2 13. Nxe7+ Kh8 14. Rxd2 Rd8 15. Bb6 Rd7 16. Nd5 Nxd5 17. Rxd5 Bf8 18. Bc4 f6 19. Rhd1 Kg7 20. f4 Rf7 21. R5d3 Re7 22. Bd5 Be6 23. Bxe6 Rxe6 24. e5 fxe5 25. fxe5 Rae8 26. exd6 Bxd6 27. a3 Bxh2 28. Rd7+ R8e7 29. Bc5 Rxd7 30. Rxd7+ Kg8 31. Rxb7 Re1+ 32. Ka2 Re2 33. c4 Rxg2 34. Bd4 h5 35. Rb6 Rg4 36. Bc3 Kf7 37. Rxa6 h4 38. c5 h3 39. c6 Bb8 40. c7 Bxc7 41. Ra7 Rc4 42. Be5 g5 43. Rxc7+ Rxc7 44. Bxc7 g4 45. a4 Ke6 46. a5 Kd7 47. Bg3 Kc6 48. b4 Kb5 49. Kb3 1-0

[Event "Niedersachsen-ch op-B"]
[Site "Verden"]
[Date "2016.01.04"]
[Round "4"]
[White "Torkler, Wolfgang"]
[Black "Kieselbach, Petra"]
[Result "0-1"]
[WhiteElo "1388"]
[BlackElo "1567"]
[PlyCount "70"]
[EventDate "2016.01.03"]
[EventType "swiss"]
[EventRounds "7"]
[EventCountry "GER"]
[SourceTitle "EXT 2018"]
[Source "ChessBase"]
[SourceDate "2017.10.13"]
[SourceVersion "1"]
[SourceVersionDate "2017.10.13"]
[SourceQuality "1"]

1. c4 e5 2. Nc3 c5 3. Nf3 Nc6 4. g3 g6 5. Bg2 Bg7 6. 0-0 Nge7 7. d3 d6 8. Bd2 0-0 9. Qc1 Nf5 10. e4 Nfd4 11. Nxd4 Nxd4 12. Qd1 Rb8 13. Ne2 Bg4 14. f3 Nxe2+ 15. Qxe2 Be6 16. Qd1 Qc8 17. b4 f5 18. bxc5 Qxc5+ 19. Kh1 Qd4 20. Qc2 fxe4 21. fxe4 Rxf1+ 22. Rxf1 Rc8 23. Bc3 Qc5 24. Qb2 b5 25. Bb4 Qb6 26. cxb5 Qxb5 27. Qa3 d5 28. Qb3 Rd8 29. a4 Qd7 30. Qa3 dxe4 31. dxe4 Qd3 32. Bc3 Rc8 33. Rc1 Bh6 34. Bf1 Qxe4+ 35. Bg2 Qd3 0-1

[Event "Bremen-ch op"]
[Site "Bremen"]
[Date "2015.04.03"]
[Round "8"]
[White "Torkler, Wolfgang"]
[Black "Schwenke, Stefan"]
[Result "1/2-1/2"]
[WhiteElo "1399"]
[BlackElo "1742"]
[PlyCount "74"]
[EventDate "2015.03.28"]
[EventType "swiss"]
[EventRounds "9"]
[EventCountry "GER"]
[SourceTitle "EXT 2018"]
[Source "ChessBase"]
[SourceDate "2017.10.13"]
[SourceVersion "1"]
[SourceVersionDate "2017.10.13"]
[SourceQuality "1"]

1. e4 e6 2. d4 d5 3. exd5 exd5 4. Bd3 Qe7+ 5. Ne2 Be6 6. Nbc3 a6 7. Be3 Nc6 8. a3 g6 9. Qd2 Bg7 10. h3 Qd7 11. b4 Nge7 12. b5 axb5 13. Bxb5 Nf5 14. Nf4 Nxe3 15. fxe3 0-0 16. 0-0 Qd6 17. Bxc6 Qxc6 18. Nxe6 Qxe6 19. a4 Bh6 20. Rf3 Rfe8 21. Re1 f5 22. Kh1 Bf8 23. Nb5 Qd7 24. Ra1 c6 25. Nc3 Ra6 26. Ne2 b5 27. a5 Rea8 28. Rg3 Qd6 29. Nf4 b4 30. Qe2 Bg7 31. Kh2 Rxa5 32. Rxa5 Rxa5 33. h4 Kf7 34. h5 Bxd4 35. hxg6+ hxg6 36. Rxg6 Bf6 37. Qh5 Qf8 1/2-1/2

[Event "Bremen-ch op"]
[Site "Bremen"]
[Date "2015.03.31"]
[Round "5"]
[White "Goes, Carsten"]
[Black "Torkler, Wolfgang"]
[Result "1-0"]
[WhiteElo "1761"]
[BlackElo "1399"]
[PlyCount "65"]
[EventDate "2015.03.28"]
[EventType "swiss"]
[EventRounds "9"]
[EventCountry "GER"]
[SourceTitle "EXT 2018"]
[Source "ChessBase"]
[SourceDate "2017.10.13"]
[SourceVersion "1"]
[SourceVersionDate "2017.10.13"]
[SourceQuality "1"]

1. e4 c5 2. d4 cxd4 3. c3 dxc3 4. Nxc3 g6 5. Nf3 Bg7 6. Bc4 Bxc3+ 7. bxc3 Qc7 8. Qe2 e6 9. 0-0 Nc6 10. Rd1 b6 11. a4 Bb7 12. Ba3 Nge7 13. Bd6 Qd8 14. Rd2 Na5 15. Ba2 Qc8 16. Rad1 Bc6 17. Rd4 Nb7 18. Be5 0-0 19. Bf6 Re8 20. Qe3 Bxe4 21. Qxe4 Nc5 22. Qf4 Nf5 23. g4 e5 24. Nxe5 Ne6 25. Bxe6 Rxe6 26. gxf5 Rxf6 27. Ng4 Rxf5 28. Nh6+ Kf8 29. Qd6+ Kg7 30. Nxf5+ gxf5 31. R1d3 Qe8 32. Rg3+ Kh8 33. Qf6# 1-0

[Event "Bremen-ch op"]
[Site "Bremen"]
[Date "2015.03.29"]
[Round "3"]
[White "Kueck, Alexander"]
[Black "Torkler, Wolfgang"]
[Result "0-1"]
[WhiteElo "1133"]
[BlackElo "1399"]
[PlyCount "112"]
[EventDate "2015.03.28"]
[EventType "swiss"]
[EventRounds "9"]
[EventCountry "GER"]
[SourceTitle "EXT 2018"]
[Source "ChessBase"]
[SourceDate "2017.10.13"]
[SourceVersion "1"]
[SourceVersionDate "2017.10.13"]
[SourceQuality "1"]

1. e4 c5 2. Nf3 Nc6 3. Bb5 Qb6 4. Nc3 e6 5. d3 a6 6. Bxc6 Qxc6 7. d4 cxd4 8. Nxd4 Qb6 9. 0-0 Bc5 10. Nde2 Qc6 11. Qd3 b6 12. a3 a5 13. Rb1 Ba6 14. Qf3 Bb7 15. b4 axb4 16. axb4 Be7 17. Rb3 Nf6 18. Ng3 Qc4 19. b5 Rc8 20. Qd3 Bb4 21. Bb2 0-0 22. f3 Rc5 23. Qxc4 Rxc4 24. Re1 Rfc8 25. Nge2 d5 26. exd5 Nxd5 27. Nxd5 Bxd5 28. c3 Bc5+ 29. Kh1 Ra4 30. c4 Bxc4 31. Rc3 Bb4 32. Rec1 Bxc3 33. Rxc3 Ra2 34. Rc2 Rc5 35. Nc3 Ra8 36. Ne4 Rd5 37. h3 Bd3 38. Rc3 Bxe4 39. fxe4 Rxb5 40. Bc1 f5 41. exf5 exf5 42. Kh2 Rc5 43. Rxc5 bxc5 44. Be3 c4 45. Kg1 c3 46. Kf2 c2 47. Ke2 Ra1 48. Kf2 c1Q 49. Bxc1 Rxc1 50. Kg3 g5 51. Kh2 h5 52. g3 Rc2+ 53. Kg1 Kf7 54. Kh1 Ke6 55. Kg1 Ke5 56. Kh1 Ke4 0-1

[Event "Niedersachsen-ch op-B"]
[Site "Verden"]
[Date "2015.01.02"]
[Round "2"]
[White "Schroeer, Birgit"]
[Black "Torkler, Wolfgang"]
[Result "0-1"]
[WhiteElo "1003"]
[BlackElo "1399"]
[PlyCount "56"]
[EventDate "2015.01.02"]
[EventType "swiss"]
[EventRounds "7"]
[EventCountry "GER"]
[SourceTitle "EXT 2018"]
[Source "ChessBase"]
[SourceDate "2017.10.13"]
[SourceVersion "1"]
[SourceVersionDate "2017.10.13"]
[SourceQuality "1"]

1. e4 d5 2. Nc3 d4 3. Na4 e5 4. Nf3 Bd7 5. c3 b5 6. Nxe5 bxa4 7. Bc4 Nh6 8. Qf3 Qe7 9. cxd4 Nc6 10. Qg3 Nxd4 11. 0-0 Bb5 12. Bxb5+ Nxb5 13. d3 Nd4 14. Nc6 Nxc6 15. Be3 Qd6 16. Bf4 Qd7 17. Rac1 f6 18. Rfe1 Qg4 19. Qe3 Qd7 20. e5 fxe5 21. Qe4 0-0-0 22. Rxc6 exf4 23. Rxh6 Qd5 24. Qxf4 gxh6 25. Re5 Qxd3 26. h3 Qb1+ 27. Kh2 Qg6 28. Qf3 Bd6 0-1

[Event "Niedersachsen-ch op-B"]
[Site "Verden"]
[Date "2015.01.02"]
[Round "1"]
[White "Torkler, Wolfgang"]
[Black "Mitzko, Berthold"]
[Result "0-1"]
[WhiteElo "1399"]
[BlackElo "1625"]
[PlyCount "109"]
[EventDate "2015.01.02"]
[EventType "swiss"]
[EventRounds "7"]
[EventCountry "GER"]
[SourceTitle "EXT 2018"]
[Source "ChessBase"]
[SourceDate "2017.10.13"]
[SourceVersion "1"]
[SourceVersionDate "2017.10.13"]
[SourceQuality "1"]

1. e4 c5 2. Nf3 e6 3. d3 d6 4. g3 b6 5. Bg2 Bb7 6. Nbd2 Nd7 7. b3 Ngf6 8. Bb2 Be7 9. Qe2 Qc7 10. Nh4 d5 11. f4 d4 12. e5 Nd5 13. Bxd5 Bxd5 14. Nhf3 Nb8 15. h4 h6 16. Rg1 Na6 17. g4 Nb4 18. Qd1 Qb7 19. Rg3 Bxf3 20. Nxf3 Bxh4 21. Nxh4 Qh1+ 22. Kd2 Qxh4 23. Qf3 Qd8 24. a3 Nd5 25. Rag1 Ne7 26. f5 Qd5 27. Qf4 g5 28. fxg6 Nxg6 29. Qf6 Qxe5 30. Rf3 Qxf6 31. Rxf6 Ke7 32. Rf3 Rag8 33. c3 e5 34. cxd4 exd4 35. Rgf1 Rf8 36. b4 Ne5 37. Re1 f6 38. bxc5 bxc5 39. a4 Kd6 40. Rf4 Rhg8 41. Bxd4 cxd4 42. Rxd4+ Kc5 43. Kc3 Rc8 44. Ree4 Rgd8 45. Rxd8 Rxd8 46. d4+ Kd5 47. Rf4 Nd7 48. Rf5+ Ke4 49. d5 Rg8 50. d6 Rg5 51. Rb5 Rxb5 52. axb5 Kd5 53. Kb4 Kxd6 54. Ka5 Kc7 55. Ka6 0-1

[Event "Niedersachsen-ch op-B"]
[Site "Verden"]
[Date "2014.01.02"]
[Round "2"]
[White "Thormann, Georg"]
[Black "Torkler, Wolfgang"]
[Result "0-1"]
[WhiteElo "894"]
[BlackElo "1420"]
[PlyCount "72"]
[EventDate "2014.01.02"]
[EventType "swiss"]
[EventRounds "7"]
[EventCountry "GER"]
[SourceTitle "EXT 2016"]
[Source "ChessBase"]
[SourceDate "2015.10.08"]
[SourceVersion "1"]
[SourceVersionDate "2015.10.08"]
[SourceQuality "1"]

1. e4 c5 2. Nc3 d6 3. f4 e6 4. Nf3 g6 5. d3 Bg7 6. Be2 Nc6 7. 0-0 Nd4 8. Be3 Nf6 9. Bxd4 cxd4 10. Nxd4 Qb6 11. Ncb5 a6 12. Nxd6+ Qxd6 13. c3 Qb6 14. Qc2 0-0 15. Kh1 Qc7 16. f5 Ne8 17. fxe6 Bxd4 18. exf7+ Rxf7 19. Rxf7 Kxf7 20. Qb3+ Be6 21. Rf1+ Ke7 22. Qb4+ Bc5 23. Qa4 b5 24. Qc2 Ng7 25. Qd2 Rf8 26. Rxf8 Kxf8 27. d4 Ba7 28. Qg5 Bb8 29. Qf6+ Kg8 30. g3 Qf7 31. Qd8+ Qe8 32. Qf6 Bd6 33. d5 Be7 34. Qe5 Bd7 35. Bd1 Qf8 36. Be2 Bg4 0-1

[Event "Niedersachsen-ch op-B"]
[Site "Verden"]
[Date "2012.01.02"]
[Round "1"]
[White "Torkler, Wolfgang"]
[Black "Palmer, Harald"]
[Result "0-1"]
[WhiteElo "1218"]
[BlackElo "1851"]
[PlyCount "79"]
[EventDate "2012.01.02"]
[EventType "swiss"]
[EventRounds "7"]
[EventCountry "GER"]
[SourceTitle "EXT 2021"]
[Source "ChessBase"]
[SourceDate "2020.10.23"]
[SourceVersion "1"]
[SourceVersionDate "2020.10.23"]
[SourceQuality "1"]

1. e4 e5 2. Nf3 Nc6 3. d4 exd4 4. Nxd4 Nxd4 5. Qxd4 d6 6. Bc4 c6 7. 0-0 Be6 8. Bxe6 fxe6 9. f4 Nf6 10. e5 c5 11. Qa4+ Nd7 12. exd6 Bxd6 13. Re1 Qe7 14. f5 e5 15. Qb3 0-0-0 16. Nc3 Nf6 17. Be3 Rhf8 18. Nb5 Kb8 19. Nxd6 Qxd6 20. Rad1 Qc7 21. Rxd8+ Rxd8 22. Qc3 b6 23. Bg5 Rd5 24. Bxf6 gxf6 25. Qg3 Rd2 26. Qg8+ Kb7 27. Qe6 Qg7 28. g3 h5 29. Qb3 Qd7 30. Qf3+ Kb8 31. Qxh5 Qd5 32. Re2 Rd1+ 33. Kf2 Qd4+ 34. Kg2 Qg1+ 35. Kh3 Qf1+ 36. Kh4 Rd4+ 37. g4 Qxe2 38. Qe8+ Kb7 39. Qe7+ Ka6 40. Qg7 0-1

[Event "Niedersachsen-ch op"]
[Site "Verden"]
[Date "2011.01.04"]
[Round "6"]
[White "Diederichs, Hannah"]
[Black "Torkler, Wolfgang"]
[Result "0-1"]
[WhiteElo "791"]
[BlackElo "1231"]
[PlyCount "104"]
[EventDate "2011.01.02"]
[EventType "swiss"]
[EventRounds "7"]
[EventCountry "GER"]
[SourceTitle "EXT 2018"]
[Source "ChessBase"]
[SourceDate "2017.10.13"]
[SourceVersion "1"]
[SourceVersionDate "2017.10.13"]
[SourceQuality "1"]

1. c4 g6 2. e4 Bg7 3. g3 d6 4. h3 Nf6 5. Nc3 b6 6. Bg2 Bb7 7. d3 0-0 8. Nge2 c5 9. 0-0 e6 10. f4 Nbd7 11. g4 a6 12. f5 exf5 13. gxf5 Ne5 14. fxg6 fxg6 15. Nf4 Qe7 16. Ncd5 Bxd5 17. cxd5 Rf7 18. Ne6 Nh5 19. Nxg7 Rxf1+ 20. Qxf1 Qxg7 21. Bd2 Rf8 22. Qe2 Nf4 23. Bxf4 Rxf4 24. Rf1 Rxf1+ 25. Bxf1 Qf6 26. Qe3 Qf3 27. Qxf3 Nxf3+ 28. Kf2 Nd4 29. Ke3 Kf7 30. Kf4 Kf6 31. h4 h6 32. Bh3 a5 33. Bg4 b5 34. h5 g5+ 35. Ke3 Ke5 36. b3 b4 37. Bc8 Nc2+ 38. Kd2 Na3 39. Ke3 Nb5 40. Bd7 Nc7 41. Bh3 Ne8 42. Bg4 Nf6 43. Be2 g4 44. Bd1 Nxh5 45. Bxg4 Nf6 46. Bd1 h5 47. Bf3 h4 48. Bh1 Nh5 49. Bf3 Nf4 50. Bh1 h3 51. Bf3 h2 52. Bh1 Nh5 0-1

[Event "Niedersachsen-ch op"]
[Site "Verden"]
[Date "2011.01.03"]
[Round "4"]
[White "Hapke, Thorsten"]
[Black "Torkler, Wolfgang"]
[Result "1-0"]
[WhiteElo "1578"]
[BlackElo "1231"]
[PlyCount "133"]
[EventDate "2011.01.02"]
[EventType "swiss"]
[EventRounds "7"]
[EventCountry "GER"]
[SourceTitle "EXT 2018"]
[Source "ChessBase"]
[SourceDate "2017.10.13"]
[SourceVersion "1"]
[SourceVersionDate "2017.10.13"]
[SourceQuality "1"]

1. c4 e5 2. Nc3 Nf6 3. g3 c6 4. Bg2 d5 5. cxd5 cxd5 6. Qb3 e4 7. d3 exd3 8. exd3 Qe7+ 9. Nge2 Qb4 10. Qxb4 Bxb4 11. 0-0 Be6 12. Bg5 Nbd7 13. f4 Bxc3 14. Nxc3 d4 15. Nb5 0-0 16. Nxd4 Bd5 17. Rfe1 Bxg2 18. Kxg2 Nc5 19. Rad1 Rfd8 20. Bxf6 gxf6 21. b4 Rxd4 22. bxc5 Rc8 23. Re7 Rxc5 24. Rxb7 Rc2+ 25. Kf3 Rxa2 26. h4 Ra3 27. Ke3 Rd6 28. Rb2 Re6+ 29. Kf3 Rd6 30. Rbd2 f5 31. Kf2 Rd4 32. Ke2 Rc3 33. Ra1 Rd7 34. Ra6 Re7+ 35. Kf2 Rd7 36. d4 Rc4 37. d5 Kf8 38. d6 Ke8 39. Rd5 Rb4 40. Rxf5 Rb6 41. Rxb6 axb6 42. Rd5 Rb7 43. Ke3 b5 44. Kd4 b4 45. Kc5 b3 46. Rd1 Kd7 47. Rb1 b2 48. g4 Rb3 49. f5 h6 50. g5 hxg5 51. hxg5 Rb8 52. g6 fxg6 53. fxg6 Rc8+ 54. Kd5 Rg8 55. Rxb2 Rxg6 56. Rb7+ Kd8 57. Kc6 Kc8 58. Rf7 Kb8 59. Rf8+ Ka7 60. Kc7 Rg1 61. d7 Rc1+ 62. Kd8 Rb1 63. Rf6 Rb8+ 64. Ke7 Rb7 65. Rc6 Kb8 66. Ke8 Ka7 67. d8Q 1-0

[Event "Niedersachsen-ch op"]
[Site "Verden"]
[Date "2011.01.03"]
[Round "3"]
[White "Torkler, Wolfgang"]
[Black "Klein, Florian"]
[Result "1-0"]
[WhiteElo "1231"]
[BlackElo "1650"]
[PlyCount "109"]
[EventDate "2011.01.02"]
[EventType "swiss"]
[EventRounds "7"]
[EventCountry "GER"]
[SourceTitle "EXT 2018"]
[Source "ChessBase"]
[SourceDate "2017.10.13"]
[SourceVersion "1"]
[SourceVersionDate "2017.10.13"]
[SourceQuality "1"]

1. d4 d5 2. Nf3 Nc6 3. c4 e6 4. Nc3 Nf6 5. Bg5 Be7 6. e3 Ne4 7. Bxe7 Qxe7 8. cxd5 Nxc3 9. bxc3 exd5 10. Bd3 Qa3 11. Qc2 Ne7 12. 0-0 Bg4 13. Nd2 f5 14. f3 Bh5 15. Bxf5 Bg6 16. Bxg6+ hxg6 17. e4 0-0-0 18. e5 c5 19. Nb3 Qa4 20. Rfc1 c4 21. Nc5 Qxc2 22. Rxc2 Rh6 23. a4 Rdh8 24. h3 Nf5 25. Kf2 b6 26. Ne6 Re8 27. Nf4 Rf8 28. Nxd5 g5 29. a5 b5 30. Rh1 g4 31. f4 gxh3 32. Rxh3 Rd8 33. Rxh6 Nxh6 34. Ne7+ Kc7 35. Kf3 a6 36. Ke4 Kb7 37. Nf5 Nxf5 38. Kxf5 Kc6 39. g4 Kd5 40. e6 Rf8+ 41. Kg5 Kxe6 42. Re2+ Kd6 43. f5 Rf7 44. Re6+ Kc7 45. Rxa6 b4 46. cxb4 Rf6 47. Rxf6 gxf6+ 48. Kf4 Kd6 49. a6 Kc7 50. Ke3 Kb6 51. Kd2 Kxa6 52. Kc3 Kb5 53. d5 Kb6 54. Kxc4 Kc7 55. b5 1-0

[Event "Niedersachsen-ch op"]
[Site "Verden"]
[Date "2011.01.02"]
[Round "2"]
[White "Raetzke von Stoyentin, Steffen"]
[Black "Torkler, Wolfgang"]
[Result "1-0"]
[WhiteElo "1611"]
[BlackElo "1231"]
[PlyCount "69"]
[EventDate "2011.01.02"]
[EventType "swiss"]
[EventRounds "7"]
[EventCountry "GER"]
[SourceTitle "EXT 2018"]
[Source "ChessBase"]
[SourceDate "2017.10.13"]
[SourceVersion "1"]
[SourceVersionDate "2017.10.13"]
[SourceQuality "1"]

1. d4 Nf6 2. Nf3 e6 3. c4 c5 4. e3 cxd4 5. exd4 Bb4+ 6. Nc3 0-0 7. Bg5 d6 8. Qc2 Re8 9. Bd3 g6 10. 0-0 e5 11. Ne4 Rf8 12. Bxf6 Qd7 13. dxe5 dxe5 14. Nxe5 Qe6 15. Qc1 Be7 16. Qg5 Bxf6 17. Qxf6 Qxf6 18. Nxf6+ Kg7 19. Nd5 Nc6 20. f4 f5 21. Rae1 Nd4 22. Nf3 Nc6 23. b4 b6 24. b5 Na5 25. Re7+ Kg8 26. Ng5 h6 27. Nh7 Rf7 28. Ndf6+ Kg7 29. Ne8+ Kg8 30. Nhf6+ Kf8 31. Rxf7+ Kxf7 32. Nc7 Rb8 33. Nfd5 Bd7 34. Re1 Kg8 35. Nf6+ 1-0